Software Architecture in Practice/ (Record no. 207163)

MARC details
000 -LEADER
fixed length control field 00800nam a22002297a 4500
005 - DATE AND TIME OF LATEST TRANSACTION
control field 20241128151418.0
010 ## - LCCN (DPL NO)
LC control number ENG-142687
020 ## - INTERNATIONAL STANDARD BOOK NUMBER
Terms of availability 815.00
International Standard Book Number 9788196874346
035 ## - SYSTEM CONTROL NUMBER
System control number EN-126219
037 ## - SOURCE OF ACQUISITION
Source of stock number/acquisition DBAD
082 ## - DEWEY DECIMAL CLASSIFICATION NUMBER
Classification number 621
Edition number 4
100 ## - MAIN ENTRY--PERSONAL NAME
Personal name Bass, Len
245 ## - TITLE STATEMENT
Title Software Architecture in Practice/
Statement of responsibility, etc By Len Bass; Paul Clements [and] Rick Kazman
250 ## - EDITION STATEMENT
Edition statement 4
260 ## - PUBLICATION, DISTRIBUTION, ETC. (IMPRINT)
Place of publication, distribution, etc Uttar Pradesh
Name of publisher, distributor, etc Pearson India Education Pvt Ltd
Date of publication, distribution, etc 2025
270 ## - ADDRESS
City Uttar Pradesh
Address 1st FLoor, Berger Tower, Plot No. C-001A/2, Sector-16B, Noida
Postal code 201301
300 ## - PHYSICAL DESCRIPTION
Extent xviii,378p.
Dimensions 23cm(pb)
Other physical details Index
500 ## - GENERAL NOTE
General note Mobility, Cloud software, AI/Machine Learning
700 ## - ADDED ENTRY--PERSONAL NAME
Personal name Clements, Paul
Relator term Author
9 (RLIN) 74276
700 ## - ADDED ENTRY--PERSONAL NAME
Personal name Kazman, Rick
Relator term Author
9 (RLIN) 74282
942 ## - ADDED ENTRY ELEMENTS (KOHA)
Source of classification or shelving scheme Dewey Decimal Classification
Item type English Books
Classification part 621
Call number suffix BAS
Edition 4
Holdings
Withdrawn status Lost status Not for loan Collection code Home library Current library Date acquired Source of acquisition Cost, normal purchase price Full call number Barcode Copy number Cost, replacement price Koha item type
      Non-fiction Ashok Vihar Ashok Vihar 28/11/2024 Delivery of Books Act Division 815.00 621 BAS EN-126219 1 815.00 English Books

© Delhi Public Library
Hit Counter
free hit counter